000 00445nam a22001697a 4500
003 LK-CoDNM
005 20250106133234.0
008 250102b |||||||| |||| 00| 0 eng d
040 _aLK-CoDNM
_dLK-CoDNM
_eLK-CoDNM
041 _aeng
080 _a4
_bE20
100 _aBleeker, P.
245 _aDescription de quelques especes de cobitioides et de cyprinoides de Ceylan
300 _b26p. : ill ; 27 cm
650 _aScience
942 _cBK
999 _c235071
_d235071